| 000 | 00969cam a2200289 i 4500 | ||
|---|---|---|---|
| 001 | 25992 | ||
| 003 | BD-RjUL | ||
| 005 | 20211209050945.0 | ||
| 008 | 760410s1974 ii b 001 0 eng | ||
| 035 | _a(BD-RjUL)26062 | ||
| 040 |
_aDLC _cDLC _dBD-RjUL _beng |
||
| 041 | _aeng | ||
| 082 | 0 | 0 |
_a301.295414 _bRAH 1974 |
| 100 | 1 |
_aRahman, Hossainur, _d1934- _979865 |
|
| 245 | 1 | 0 |
_aHindu-Muslim relations in Bengal, 1905-1947 : _bstudy in cultural confrontation / _cHossainur Rahman. |
| 260 |
_aBombay : _bNachiketa Publications, _cc1974. |
||
| 300 |
_ax, 238 p. : _c23 cm. _bill. ; |
||
| 500 | _a"This book grew out of a doctoral dissertation submitted to the University of Calcutta." | ||
| 500 | _aIncludes index. | ||
| 504 | _aBibliography: p. [221]-233. | ||
| 650 | 0 |
_aMuslims _zBengal. _979866 |
|
| 650 | 0 |
_aHindus. _923580 |
|
| 651 | 0 |
_aBengal (India) _xPolitics and government. _979867 |
|
| 942 |
_2ddc _cBK |
||
| 999 |
_c25992 _d25992 |
||